000 00401nam a2200169Ia 4500
001 13539
008 140402s9999 xx 000 0 und d
020 _a0-256-21765-3
040 _cPK-LaUMT
082 _a 658.408
_bVER-B
100 _aVernon, Heidi
245 _aBusiness and society : A managerial approach
_cVernon, Heidi
260 _c1998
300 _a632 p.
546 _aEN
942 _cBK
999 _c14206
_d14206